| 000 | 01216njm a22002897a 4500 | ||
|---|---|---|---|
| 005 | 20100914153844.0 | ||
| 006 | a|||||r|||||00| 0 | ||
| 007 | sd ammalaaahaa | ||
| 008 | 100910t xxu||||| |||| 00| 0 eng d | ||
| 028 |
_a2221 141 _bPolydor |
||
| 035 | _aGR-02410 | ||
| 040 |
_aSED _cSED |
||
| 100 |
_aMangeshkar, Lata _919365 |
||
| 245 |
_aHimalay-se-ooncha / _csung by Lata Mangeshkar; music by Kalyanji Anandji; lyrics by Indivar _h[sound recording] : |
||
| 246 | _aहिमालय-से-ऊंचा / | ||
| 260 |
_aDum Dum, India _bPolydor _c1975 |
||
| 300 |
_a1 sound disc [Gramophone Recording] : _banalog, 33 1/3 rpm _c7.5 in. (SP) _fGramaphone Records |
||
| 500 | _aBrief record | ||
| 500 | _aRecord Lebels : Polydor, Red | ||
| 505 | _aSide-1 प्यार जिसको कहते हैं (Pyar jisko kehte hain) (Lata Mangeshkar) Side-2 राही ओ राही (Rahi o rahi) (Lata Mangeshkar and Chorus) | ||
| 600 |
_aMangeshkar, Lata _919611 |
||
| 650 |
_2Excerpts. _aHindi Film Song _bIndia _919366 |
||
| 700 |
_aKalyanji Anandji _919985 |
||
| 700 |
_aIndivar _920051 |
||
| 942 |
_2ddc _cGR |
||
| 999 |
_c45789 _d45789 |
||